4th best - Statistics

General Stats
  • This quiz has been taken 6 times
  • The average score is 6 of 15
Answer Stats
Category Country % Correct
Strongest Army India
100%
Most Populous Indonesia
100%
Most Nukes France
67%
Most Olympic Medals France
50%
Most Islands Japan
50%
Smallest Tuvalu
50%
Most Tanks China
33%
Most Oil Reserves Iran
33%
Richest (GDP) Japan
33%
Largest Historical Empire China
17%
Most Biodiverse Country China
17%
Highest Building Saudi Arabia
17%
Tallest People Bosnia and Herzegovina
0%
Most Colorful Flag Guatemala / Costa Rica / Equatorial Guinea
0%
Strongest Currency Jordan
0%
No matching quizzes found
Score Distribution
Percent of People with Each Score
Percentile by Number Answered
Your Score History
You have not taken this quiz